000 00803nam a2200277Ia 4500
001 dia_1252
003 CHAP
005 20221129172723.0
007 ta
008 220117s1976 mx ad f 001 0 spa d
010 _a171794
040 _cCHAP
082 _a541 C3
100 1 _aCastellan, Gilbert W.
_920035
245 1 0 _aFisicoquímica /
_cGilbert W. Castellan
260 _aMéxico :
_bFondo Educativo Interamericano,
_c1976
300 _a835 páginas
500 _aEl ejemplar.4, se perdió y se repuso con una fotocopia
503 _aC/e, la c.5, donada
650 1 3 _aFisicoquímica
_941125
650 1 0 _aChemistry, physical and theoretical
_9150372
901 _a541 C3
902 _aM
905 _a0000001976 MX A 0000000000SPA00
942 _cLIBRO
_2ddc
999 _c171794
_d171794